000 00708nam a2200241 a 4500
001 4891054
005 20241216114146.0
008 940805s1995 wiua b 001 0 eng
020 _a0697201295
050 0 0 _aHM133
_b.B72 1995
082 0 0 _a302.3/4
_220
100 1 _aBrilhart, John K.
245 1 0 _aEffective group discussion /
_cJohn K. Brilhart, Gloria J. Galanes.
250 _a8th ed.
260 _aMadison, Wis. :
_bBrown & Benchmark,
_cc1995.
300 _axii, 376 p. :
_bill. (some col.) ;
_c24 cm.
650 0 _aSmall groups.
650 0 _aCommunication in small groups.
650 0 _aGroup problem solving.
650 0 _aDiscussion.
700 1 _aGalanes, Gloria J.
942 _2lcc
_cBK
_n0
999 _c2313
_d2313